00311nam a22001337a 4500003000400000020001800004082001900022100002500041245003000066250000800096260004600104300000900150650001800159SGT a9789351523031 a616.0757bT14G aGhom, Anil Govindrao aTextbook of Oral Medicine a3rd aNew Delhi, IndiabJaypee Publishersc2014 a1119 aOral Medicine